Riaditeľská totalita na stredných školách

Bibliographic Details
Main Authors: Martišková, Monika (Author), Hrenák, Jaroslav, 1985- (Author), Bulík, Marek (Author), Ondruš, Branislav, 1973- (Author)
Format: Article
Language:Slovak
ISSN:1335-468X
Subjects:

MARC

LEADER 00000nab a2200000 a 4500
001 vtls008153309
003 SK-MaSNL
005 20260426070829.0
008 050512c2005 xo wr|p|||||||000 b|slo
015 |a SNBRB2005/05  |2 snkbucl 
038 |a SNKBUCL 
040 |a SNKBUCL  |b slo  |c SNKBUCL  |e AACR2 
041 0 |a slo 
044 |a xo  |c SK 
080 |a 373.5:371.27  |x (437.6)  |2 UDC-MRF-SK2 
080 |a 371.27:373.5  |x (437.6)  |2 UDC-MRF-SK2 
080 |a 371.111:373.5  |x (437.6)  |2 UDC-MRF-SK2 
245 0 0 |a Riaditeľská totalita na stredných školách  |c Martišková, Monika ... [et al.] 
648 7 |a 2005  |2 snkbucl  |9 305506 
650 0 7 |a stredné školy  |2 snkbucl  |9 1279 
650 0 7 |a maturitné skúšky  |2 snkbucl  |9 66554 
650 0 7 |a stredoškolskí riaditelia  |x zákaz účasti na protestoch  |2 snkbucl  |9 1324253 
650 0 7 |a stredoškolskí študenti  |2 snkbucl  |9 3980 
651 7 |a Slovensko  |2 snkbucl  |9 14231 
700 1 |a Martišková, Monika  |4 aut  |9 1210473 
700 1 |a Hrenák, Jaroslav,  |d 1985-  |4 aut  |9 861210 
700 1 |a Bulík, Marek  |4 aut  |9 811323 
700 1 |a Ondruš, Branislav,  |d 1973-  |4 aut  |9 167127 
773 0 |t Slovo. Spoločensko-politický týždenník  |g Roč. VII, č. 17 (2005), s. 1-2  |x 1335-468X 
852 |a SNK  |b KIS3GCP 
999 |c 2671621  |d 2673551